000 00493nam a2200157Ia 4500
005 20250117103553.0
008 250117s9999 xx 000 0 und d
020 _a9780821346006
082 _a353.4KLI
100 _aKlitgaard, Robert E.
245 0 _aCorrupt cities
_ba practical guide to cure and prevention
260 _aOakland
_bICS Press
_c2000
300 _axiii, 162 p. ; 23 cm.
500 _aIncludes bibliographical references (p. 151-156) and index.
650 _aMunicipal government.
999 _c2289
_d2289